01376nam a2200385 a 4500001001000000003000900010005001700019007001000036008003500046020001800081040002200099082002800121100003400149245009800183260004200281300002700323490002600350500006700376521002700443586005000470590002600520650003100546650003500577700004800612910004100660930002400701942001200725952012800737956001800865956001800883956001800901956001800919956003800937999001500975000028712DO-SdBNP20241010102104.0000028712110411t2008 dr a 001 f spa d a9789945171631 aBPMSUbspacBPMSU 4aRD863.5bR282d 20082221 aRead Escobal, Virginiad1963-10aDías de sol radiante /cVirginia Read Escobal ; ilustraciones de Montserrat Ubach Figueras. aSanto Domingo :bEdiciones SM,c2008. a84 p. :bil. ;c19 cm.0 aEl barco de vapor,v6 aIncluye datos biográficos de la autora en la contracubierta.1 aA partir de 12 años. aObra finalista “El barco de vapor”, 2007. aInventariado, 2024/VM 4aNovela juvenil dominicana  4aLiteratura juvenil dominicana 1 aUbach Figueras, Montserrat,eilustración  a VMateo V. Control de calidad. BPMSU 1l m 8 f p g h  2ddccBK 00102ddc40708CJ-DaBPMETbBPMETd2015-02-02l0oBPMSU CJD RD863.5 R282d 2013pBPMSU15040964r2015-02-02w2015-02-02yBK a b c l h  a b c l h  a b c l h  a b c l h  aVMATEOb10c20110708lBPMSUh0069 c7302d7302